00398nam a2200193Ia 4500003000900000008004100009040001300050040001300063041000800076100002000084245002500104250001200129260001500141260000900156300001100165300001200176490000800188490000800196IT-RoPAU120407s9999 xx 000 0 und d aIT-RoPAU cIT-RoPAU aita aLetty M. Russel aTeologia femminista. aBrescia aQueriniana c1997 a223 p. c19,5 cm aGDT v101